000 00476nam a2200181Ia 4500
005 20250326125848.0
008 250326s9999 xx 000 0 und d
037 _aTextbook
040 _aFMSL
_beng
_cFMSL
041 _aeng
_2eng
084 _aX:8K N8
_qFMSL
100 _aGhosh P K
245 0 _aIntroduction to cost accounting
_cGhosh P K
260 _aDelhi
_bDelhi, National
_c1968
300 _a521p
942 _cTB
_hX:8K N8
999 _c1279914
_d1279914